The Pakistan Penal Code with Commentary / (Record no. 613432)

000 -LEADER
fixed length control field 00381nam a22001337a 4500
082 ## - DEWEY DECIMAL CLASSIFICATION NUMBER
Classification number 345.5491
Author Mark NIZ
100 ## - MAIN ENTRY--PERSONAL NAME
Personal name Nizami, Muhammad Mazhar Hassan
245 ## - TITLE STATEMENT
Title The Pakistan Penal Code with Commentary /
Statement of responsibility, etc. Muhammad Mazhar Hassan Nizami
260 ## - PUBLICATION, DISTRIBUTION, ETC.
Place of publication, distribution, etc. Lahore :
Name of publisher, distributor, etc. PLD Publishers,
Date of publication, distribution, etc. 2023.
300 ## - PHYSICAL DESCRIPTION
Extent 826 p.
563 ## - BINDING INFORMATION
Binding note HB.
650 ## - SUBJECT ADDED ENTRY--TOPICAL TERM
Topical term or geographic name entry element Law, Criminal Law
942 ## - ADDED ENTRY ELEMENTS (KOHA)
Source of classification or shelving scheme
Koha item type Book
650 ## - SUBJECT ADDED ENTRY--TOPICAL TERM
-- 128097
Holdings
Withdrawn status Lost status Source of classification or shelving scheme Damaged status Not for loan Permanent Location Current Location Date acquired Total Checkouts Full call number Barcode Checked out Date last seen Date last checked out Price effective from Koha item type
          NUST Law School (NLS) NUST Law School (NLS) 03/19/2025 1 345.5491 NIZ NLS-1529 11/14/2025 10/15/2025 10/15/2025 03/19/2025 Book
© 2023 Central Library, National University of Sciences and Technology. All Rights Reserved.